000 00676nam a2200241Ia 4500
003 OSt
005 20220925204838.0
006 a|||||r|||| 00| 0
007 ta
008 220923b |||||||| |||| 00| 0 eng d
020 _a9024725542
037 _cGeneral Book
040 _aRTL
_cRTL
_beng
041 _2eng
_aeng
082 _aX:551, M2
100 _aKhan Kabir-Ur-Rahman
_9269128
245 0 _aLaw and organisation of international commodity ag
260 _aHague
_bMartinus Nijhoff
_c1982
300 _axxv,416p. Bib p 395-400
_ccm.
650 _aTrade
942 _hX:551, M2
_cGB
_2CC
999 _c550578
_d550578